| 000 | 01168nam a2200301Ia 4500 | ||
|---|---|---|---|
| 001 | ebr10015073 | ||
| 003 | CaPaEBR | ||
| 006 | m o u | ||
| 007 | cr cn||||||||| | ||
| 008 | 030208s2001 enk s 000 0 eng d | ||
| 020 | _z1843270986 | ||
| 040 |
_aCaPaEBR _cCaPaEBR |
||
| 035 | _a(OCoLC)319021836 | ||
| 050 | 1 | 4 |
_aHB501 _b.M37 2001eb |
| 100 | 1 |
_aMarx, Karl, _d1818-1883. |
|
| 245 | 1 | 4 |
_aThe process of circulation of capital _h[electronic resource] : _ba critique of political economy / _cKarl Marx; Edited by Frederick Engels. |
| 260 |
_aLondon : _bElectric Book Co., _cc2001. |
||
| 300 | _a716 p. | ||
| 490 | 0 |
_aCapital ; _vv. 2, book 2 |
|
| 500 | _aCover title : Capital Volume II. | ||
| 533 |
_aElectronic reproduction. _bPalo Alto, Calif. : _cebrary, _d2015. _nAvailable via World Wide Web. _nAccess may be limited to ebrary affiliated libraries. |
||
| 650 | 0 | _aCapital. | |
| 650 | 0 | _aEconomics. | |
| 655 | 7 |
_aElectronic books. _2local |
|
| 700 | 1 |
_aEngels, Friedrich, _d1820-1895. |
|
| 710 | 2 | _aebrary, Inc. | |
| 856 | 4 | 0 |
_uhttp://site.ebrary.com/lib/rucke/Doc?id=10015073 _zAn electronic book accessible through the World Wide Web; click to view |
| 999 |
_c11344 _d11344 |
||